Manual de fórmulas técnicas (Registro nro. 5843)
[ vista simple ]
| 000 -CABECERA | |
|---|---|
| Longitud fija campo de control | 01540nam a2200349Ia 4500 |
| 005 - • FECHA Y HORA DE LA ÚLTIMA TRANSACCIÓN | |
| Fecha y hora de la última transacción | 20220317001052.0 |
| 008 - • CÓDIGOS DE INFORMACIÓN DE LONGITUD FIJA | |
| Códigos de información de longitud fija | 160825s2008 mx a g 000 0 spa |
| 020 ## - • NÚMERO INTERNACIONAL NORMALIZADO PARA LIBROS | |
| Número Internacional Normalizado para Libros (ISBN) | 97897015127012 |
| 082 04 - • NÚMERO DE LA CLASIFICACIÓN DECIMAL DEWEY | |
| Número de clasificación (R) | R 511.0212 |
| Número del ítem | G23m |
| 040 ## - FUENTE DE LA CATALOGACIÓN | |
| Centro catalogador de origen | CO-BoRNBP |
| Lengua de catalogación | spa |
| Normas de descripción | rda |
| Centro transcriptor | CO-BoRNBP |
| 100 1# - • PUNTO DE ACCESO PRINCIPAL-NOMBRE DE PERSONA | |
| Nombre de persona | Gieck, Kurt |
| 245 10 - • TITULO PROPIAMENTE DICHO | |
| Título | Manual de fórmulas técnicas |
| Resto del título | ciencia, ingeniería, tecnología |
| Mención de responsabilidad, etc. | Kurt Gieck, Reiner Gieck ; traducido por Víctor Gerez Greiser, José de la Cera Alonso |
| 250 ## - • MENCIÓN DE EDICIÓN | |
| Mención de edición | 31a. edición |
| Resto de la mención de edición | 1a. reimpresión |
| 264 ## - PRODUCCIÓN, PUBLICACIÓN , DISTRIBUCIÓN, FABRICACIÓN Y COPYRIGHT | |
| Lugar de producción, publicación, distribución, fabricación | México |
| Nombre del productor, editor, distribuidor, fabricante | Alfaomega |
| Fecha de de producción, publicación, distribución, fabricación o copyright | 2008 |
| 300 ## - • DESCRIPCIÓN FÍSICA | |
| Extensión | 600 páginas |
| Otras características físicas | ilustraciones, gráficas, tablas |
| Dimensiones | 15 cm |
| 336 ## - TIPO DE CONTENIDO | |
| Término de tipo de contenido | texto |
| Código de tipo de contenido | txt |
| Fuente | rdacontent |
| 337 ## - TIPO DE MEDIO | |
| Nombre del tipo de medio | sin mediación |
| Código del tipo de medio | n |
| Fuente | rdamedia |
| 338 ## - TIPO DE SOPORTE | |
| Nombre del tipo de soporte | volumen |
| Código del tipo de soporte | nc |
| Fuente | rdacarrier |
| 500 ## - • NOTA GENERAL | |
| Nota general | Edición ampliada |
| 505 ## - • NOTA DE CONTENIDO CON FORMATO | |
| Nota de contenido con formato | Metrología, el S.I. -- Matemáticas. Estadísticas -- Física. Ingeniería -- Tecnología Industrial -- Materiales. Propiedades -- Tecnología -- Tablas |
| 534 ## - • Nota De Versión Original | |
| Título | Technische formelsammlung |
| 650 14 - • PUNTO DE ACCESO ADICIONAL DE MATERIA - TÉRMINO DE MATERIA | |
| Fuente del encabezamiento o término | LEMB |
| Término de materia o nombre geográfico como elemento inicial | Fórmulas matemáticas |
| 650 14 - • PUNTO DE ACCESO ADICIONAL DE MATERIA - TÉRMINO DE MATERIA | |
| Fuente del encabezamiento o término | LEMB |
| Término de materia o nombre geográfico como elemento inicial | Fórmulas trigonométricas |
| 650 14 - • PUNTO DE ACCESO ADICIONAL DE MATERIA - TÉRMINO DE MATERIA | |
| Fuente del encabezamiento o término | LEMB |
| Término de materia o nombre geográfico como elemento inicial | Fórmulas estadísticas |
| 650 14 - • PUNTO DE ACCESO ADICIONAL DE MATERIA - TÉRMINO DE MATERIA | |
| Fuente del encabezamiento o término | LEMB |
| Término de materia o nombre geográfico como elemento inicial | Fórmulas físicas |
| 650 14 - • PUNTO DE ACCESO ADICIONAL DE MATERIA - TÉRMINO DE MATERIA | |
| Fuente del encabezamiento o término | LEMB |
| Término de materia o nombre geográfico como elemento inicial | Fórmulas químicas |
| 650 14 - • PUNTO DE ACCESO ADICIONAL DE MATERIA - TÉRMINO DE MATERIA | |
| Fuente del encabezamiento o término | LEMB |
| Término de materia o nombre geográfico como elemento inicial | Fórmulas geométricas |
| 700 1# - • PUNTO DE ACCESO ADICIONAL - NOMBRE DE PERSONA | |
| Nombre de persona | Gieck, Reiner |
| 700 1# - • PUNTO DE ACCESO ADICIONAL - NOMBRE DE PERSONA | |
| Nombre de persona | Gerez Greiser, Victor |
| 740 ## - • PUNTO DE ACCESO ADICIONAL - TÍTULO RELACIONADO O ANALÍTICO NO CONTROLADO | |
| Título relacionado o analítico no controlado | Metrología, el S.I. |
| -- | Matemáticas. Estadísticas |
| -- | Física. Ingeniería |
| -- | Tecnología Industrial |
| -- | Materiales. Propiedades |
| -- | Tecnología |
| -- | Matemáticas |
| -- | Tablas |
| 942 ## - ENTRADA DE ELEMENTOS AGREGADOS (KOHA) | |
| Fuente de clasificaión o esquema | Dewey Decimal Classification |
| Koha [por defecto] tipo de item | Libro Referencia |
No hay ítems disponibles.